ninja i sojusznicy - Statystyki

Ogólne statystyki
  • Ten quiz został rozwiązany 203 razy
  • Średni wynik to 14 z 17
Statystyki odpowiedzi
Obrazkowy Odpowiedź % Poprawnych
cole
99%
jay
99%
kai
99%
zane
99%
mistrz wu
98%
nya
98%
lloyd
97%
sensei garmadon
96%
misako
90%
pixal
90%
cyrus borg
82%
skylor
82%
dareth
80%
nelson
73%
maya
63%
ray
62%
flintlocke
20%
Nie znaleziono quizów pasujących do podanych kryteriów
Rozkład punktacji
Procent ludzi z każdym wynikiem
Percentyl według liczby udzielonych odpowiedzi
Twoja historia wyników
Nie rozwiązałeś tego quizu